The life of Charlotte Brontë / (رقم التسجيلة. 19672)

تفاصيل مارك
000 -الفاتح
حقل البيانات ثابتة الطول 01091cam a2200301 a 4500
001 - رقم الضبط
رقم الضبط 15831744
003 - محدد رقم الضبط
رقم الضبط OSt
005 - وقت وتاريخ اخر تعامل مع التسجيلة
رقم الضبط 20150408113957.0
008 - عناصر البيانات ثابتة الطول - معلومات عامة
حقل البيانات ثابتة الطول 111214r20091996enk b 001 0beng
010 ## - رقم ضبط مكتبة الكونجرس
رقم ضبط مكتبة الكونجرس 2009464475
020 ## - الرقم الدولى المعيارى للكتب
الرقم الدولى المعيارى للكتاب 9780199554768 (pbk.)
040 ## - مصدر الفهرسة
وكالة الفهرسة الأصلية DLC
وكالة النسخ DLC
043 ## - رمز المنطقة الجغرافية
رمز المنطقة الجغرافية e-uk---
050 00 - رقم طلب مكتبة الكونجرس
رقم التصنيف PR4168
رقم المادة .G3 2009
082 00 - رقم تصنيف ديوى العشرى
رقم التصنيف 823.8 G E L
رقم الطبعة 22
100 1# - المدخل الرئيسى - إسم شخصى
الإسم الشخصى Gaskell, Elizabeth Cleghorn,
التواريخ المصاحبة للاسم 1810-1865.
9 (RLIN) 8163
245 14 - بيان العنوان
العنوان The life of Charlotte Brontë /
بيان المسئوليه,etc Elizabeth Gaskell ; edited with an introduction by Angus Easson.
260 ## - PUBLICATION, DISTRIBUTION, ETC. (IMPRINT)
مكان الناشر او الموزع Oxford ;
-- New York :
اسم الناشر او الموزع Oxford University Press,
تاريخ النشر أو التوزيع [2009]
300 ## - الوصف المادى
التعداد xxxvi, 587 p. ;
أبعاد الوعاء 20 cm.
490 0# - بيان السلسلة
عنوان السلسلة Oxford world's classics
504 ## - تبصرة ببليوجرافية
تبصرة ببليوجرافية,الخ Includes bibliographical references and index.
600 10 - المدخل الاضافى بالموضوع-اسم شخصى
الإسم الشخصى Brontë, Charlotte,
التواريخ المصاحبة للاسم 1816-1855.
650 #0 - المدخل الاضافى بالموضوع-مصطلح موضوعى
مصطلح موضوعي أو اسم جغرافي كعنصر مدخل Novelists, English
التقسيم الفرعي الزمني 19th century
التقسيم الفرعي الشكلي Biography.
9 (RLIN) 8164
700 1# - المدخل الاضافى - اسم شخصى
الإسم الشخصى Easson, Angus.
9 (RLIN) 8165
906 ## - عنصر بيانات محلى F, LDF (RLIN)
a 7
b cbc
c orignew
d 2
e ncip
f 20
g y-gencatlg
942 ## - عناصر المدخل الإضافي( كوها)
مصدر التصنيف او مخطط الترفيف Dewey Decimal Classification
Koha [default] item type DVD
المقتنيات
حالة الفقد نموذج السعر الفعال حالة تلف ليس للاعارة رقم الطلب تاريخ الاكتساب الموقع الحالي الباركود الفرع الرئيسي Date last seen نوع المادة فى نظام كوها مصدر التصنيف او خطة الترفيف Total Checkouts
  2013-03-10     823.8 G E L 2011-12-14 قسم الاجراءات الفنية (IC) 00100689 قسم الاجراءات الفنية (IC) 2013-03-10 كتاب Dewey Decimal Classification  
  2013-03-10     823.8 G E L 2011-12-14 قسم الاجراءات الفنية (IC) 00100690 قسم الاجراءات الفنية (IC) 2013-03-10 كتاب Dewey Decimal Classification